Misterios de la vida de Cristo. (Record no. 170716)

MARC details
000 -LEADER
campo de control de longitud fija 00964nam a2200241 i 4500
001 - NÚMERO DE CONTROL
campo de control 170716
003 - IDENTIFICADOR DE NÚMERO DE CONTROL
campo de control ES-MaACL
005 - FECHA Y HORA DE LA ÚLTIMA TRANSACCIÓN
campo de control 20250830063853.0
008 - DATOS DE LONGITUD FIJA--INFORMACIÓN GENERAL
campo de control de longitud fija 090401s1950 sp |||| | spa d
100 1# - ENTRADA PRINCIPAL--NOMBRE DE PERSONA
Nombre de persona Suárez, Francisco.
9 (RLIN) 108560
245 10 - MENCIÓN DEL TÍTULO
Título Misterios de la vida de Cristo.
Número de parte o sección de la obra 2,
Nombre de parte o sección de la obra (Disputas 33-58) /
Mención de responsabilidad, etc. [Francisco Suárez] ; versión castellana de Romualdo Galdós.
260 ## - PUBLICACIÓN, DISTRIBUCIÓN, ETC.
Lugar de publicación, distribución, etc. Madrid :
Nombre del editor, distribuidor, etc. La Editorial Católica,
Fecha de publicación, distribución, etc. 1950.
300 ## - DESCRIPCIÓN FÍSICA
Extensión XXIV, 1226 p. ;
Dimensiones 20 cm.
490 1# - MENCIÓN DE SERIE
Mención de serie Biblioteca de autores cristianos ;
Designación de volumen o secuencia 55
490 1# - MENCIÓN DE SERIE
Mención de serie Obras del eximio doctor Francisco Suárez. 3. Teología cristológica y mariana ;
Designación de volumen o secuencia 2
650 04 - PUNTO DE ACCESO ADICIONAL DE MATERIA--TÉRMINO DE MATERIA
Término de materia o nombre geográfico como elemento de entrada Mariología.
9 (RLIN) 14794
650 04 - PUNTO DE ACCESO ADICIONAL DE MATERIA--TÉRMINO DE MATERIA
Término de materia o nombre geográfico como elemento de entrada Cristología.
9 (RLIN) 11443
700 1# - ENTRADA AGREGADA--NOMBRE PERSONAL
Nombre de persona Galdós, Romualdo.
9 (RLIN) 53357
830 00 - PUNTO DE ACCESO ADICIONAL DE SERIE-TÍTULO UNIFORME
Título uniforme Biblioteca de autores cristianos
Designación de volumen o secuencia 55
9 (RLIN) 178679
830 00 - PUNTO DE ACCESO ADICIONAL DE SERIE-TÍTULO UNIFORME
Título uniforme Obras del eximio doctor Francisco Suárez.
Nombre de parte o sección de la obra Teología cristológica y mariana
Designación de volumen o secuencia 2
9 (RLIN) 223065
852 ## - LOCALIZACIÓN
Ubicación ES-MaACL
Número de control de estantería J-53
Holdings
Estatus retirado Estado de pérdida Estado de daño No para préstamo Biblioteca de origen Biblioteca actual Ubicación en estantería Fecha de adquisición Fuente de adquisición Total de préstamos Signatura topográfica completa Código de barras Visto por última vez Precio de reemplazo Tipo de ítem Koha
        Biblioteca del Ateneo de Madrid Biblioteca del Ateneo de Madrid Depósito 2 01/04/2009     J-53 1179157 23/02/2023 23/02/2023 Libro impreso